000 00687cam a22002533a 4500
001 22967
003 PGUSA
005 20140828083505.0
008 071012s2007||||xxu|||||s|||||000 1 eng d
040 _aPGUSA
_beng
042 _adc
050 4 _aPS
100 1 _aBudrys, Algis,
_d1931-2008
245 1 4 _aThe Stoker and the Stars
_h[electronic resource] /
_cAlgis Budrys
260 _bProject Gutenberg,
_c2007
506 _aPublic domain in the USA.
516 _aElectronic text
653 _aShort stories
653 _aScience fiction
700 1 _aDongen, H. R. van
830 0 _aProject Gutenberg
_v22967
856 4 0 _uhttp://www.gutenberg.org/ebooks/22967
942 _cEB
999 _c252222
_d252222